000 01846nam0a2200325 4500
001 RU\NLR\bibl\1420217
005 20260405184541.0
010 _a978-5-9581-0165-8
_9500
021 _aRU
_b2009-76546
_94784
035 _a(NLR Aleph) 001412166
090 _a1289442
_c1289442
100 _a20091006d2009 |||y0rusy50 ca
101 0 _arus
102 _aRU
105 _aa |||||||||
200 1 _aИсследование фактора влияния художественных промыслов России на формирование "Художественного комбината прикладного искусства" в г. Тольятти
_eмонография
_e[для преподавателей и студентов вузов, имеющих специальность 070800 "Декоративно-прикладное искусство"]
_fВ.Я. Киселев
_gФедер. агентство по образованию, Гос. образоват. учреждение высш. проф. образования "Поволж. гос. ун-т сервиса (ПВГУС)"
210 _aТольятти
_cИзд-во ПВГУС
_d2009
215 _a94 с., [39] л. ил., цв. ил.
_d20
300 _aНа 4-й с. обл. авт.: В.Я. Киселев, доц., засл. работник ПВГУС
320 _aБиблиогр.: с. 93-94 (49 назв.)
606 1 _aПрикладное искусство русское
_91237278
_3RU\NLR\auth\66505139
686 _aЩ123(2Р=Рус)
700 1 _4070
_8rus
_7ca
_aКиселев
_bВ. Я.
_f1940-
_cграфик
_gВадим Яковлевич
_3RU\NLR\auth\7781001
_963929
801 0 _aRU
_bNLR
_c20091006
_gRCR
801 1 _aRU
_bNLR
_c20091006
830 _aавт. по кн.
942 _cBOOK
980 _aNB
980 _aNBR